000 00319nam a2200133Ia 4500
005 20260328104319.0
008 260328s9999||||xx |||||||||||||| ||und||
100 _aBerdini, Paolo
245 0 _aWalter Gropius /
_cPaolo Berdini
260 _bGustavo Gili
300 _a226 p.
650 _aGropius, Walter
942 _cBK
999 _c11300
_d11300